000 00548nam a2200181Ia 4500
008 151202s9999||||xx |||||||||||||| ||und||
082 _bPNVM-86123
100 _aयादव आनंद.
245 _aउगवती मने.
260 _b"मेहता पब्लिशिंग हाऊस,पुणे."
260 _c2009
300 _a156
600 _aयादव आनंद.
630 _aउगवती मने.
700 _aयादव आनंद.
730 _aउगवती मने.
942 _cBOOK
999 _c1350169
_d1350166